Which City? #Asia - Statistics

General Stats
  • This quiz has been taken 17 times
  • The average score is 7 of 16
Answer Stats
Picture Answer % Correct
Jerusalem
69%
New Delhi
69%
Osaka
69%
Abu Dhabi
63%
Singapore
63%
Jakarta
56%
Riyadh
56%
Phnom Penh
50%
Kathmandu
44%
Beirut
31%
Lahore
31%
Tashkent
31%
Thimphu
25%
Bandar Seri Begawan
19%
Chiang Mai
13%
Ulaanbaatar
6%
No matching quizzes found
Score Distribution
Percent of People with Each Score
Percentile by Number Answered
Your Score History
You have not taken this quiz